|
|
|
|
| LEADER |
00000nab a2200000u 4500 |
| 001 |
vtls011764396 |
| 003 |
SK-MaSNL |
| 005 |
20260303210744.0 |
| 008 |
180627|20180622xo ||||||| ||00 ||slo| |
| 038 |
|
|
|a KEVKJB
|
| 040 |
|
|
|a KEVKJB
|b slo
|e rda
|
| 041 |
0 |
|
|a slo
|
| 043 |
|
|
|a e-xo---
|
| 044 |
|
|
|a xo
|c SK
|
| 072 |
|
7 |
|a 394
|x Verejný a spoločenský život. Každodenný život
|2 konspekt
|
| 080 |
|
|
|a 394.1/.7
|2 2011
|
| 100 |
1 |
|
|a Vargová, Jana
|4 aut
|9 325005
|
| 245 |
1 |
0 |
|a Halmispace končí, niečo iné možno začína
|b autor unikátneho konceptu multižánrového priestoru Juraj Karlík-
|c Jana Vargová
|
| 300 |
|
|
|b Fotografie
|
| 336 |
|
|
|a text
|b txt
|2 rdacontent
|
| 337 |
|
|
|a bez média
|b n
|2 rdamedia
|
| 338 |
|
|
|a zväzok
|b nc
|2 rdacarrier
|
| 610 |
2 |
7 |
|a Halmiho dvor (Košice, Slovensko)
|2 kevkjb
|9 1088276
|
| 650 |
0 |
7 |
|a projekty
|2 kevkjb
|9 18866
|
| 650 |
0 |
7 |
|a voľný čas
|2 kevkjb
|9 3355
|
| 650 |
0 |
7 |
|a kultúrne podujatia
|2 kevkjb
|9 71676
|
| 651 |
|
7 |
|a Košice (Slovensko)
|2 kevkjb
|9 18694
|
| 773 |
0 |
|
|t KOŠICE:DNES
|g Roč. 5, č. 120 (22.6.2018), s. 10-11
|x 1339-7605
|
| 852 |
|
|
|a KEVKJB
|b KIS3GCP
|
| 856 |
4 |
1 |
|u https://kosicednes.sk/zaujimavosti/halmispace-konci-nieco-ine-sa-mozno-zacina/
|
| 999 |
|
|
|c 2201541
|d 2203471
|